Česko-ruský rusko-český slovník managementu = Češsko-russkij russko-češskij slovar menedžmenta /
Saved in:
| Main Author: | |
|---|---|
| Other Authors: | |
| Format: | Book |
| Language: | Czech Russian |
| Published: |
Brno :
Computer Press,
2006
|
| Edition: | 1. vyd. |
| Subjects: | |
| ISBN: | 8025105210 |
| Online Access: |
|
| Tags: |
Add Tag
No Tags, Be the first to tag this record!
|
MARC
| LEADER | 00000nam a2200000 4500 | ||
|---|---|---|---|
| 003 | SK-BrCVT | ||
| 005 | 20220621160248.0 | ||
| 008 | 060605s2006 xr e ||||||cze d | ||
| 020 | |a 8025105210 | ||
| 035 | |a CVTIDW1205771 | ||
| 040 | |b slo |a CVTI SR |e AACR2 | ||
| 041 | 0 | |a cze |a rus | |
| 044 | |a xr | ||
| 080 | |a 801.316.4=850=82=850 |2 UDC-MRF | ||
| 080 | |a 65.012.4 |2 UDC-MRF | ||
| 100 | 1 | |a Vavrečka, Mojmír |4 aut | |
| 245 | 1 | 0 | |a Česko-ruský rusko-český slovník managementu = |b Češsko-russkij russko-češskij slovar menedžmenta / |c Mojmír Vavrečka, Václav Lednický |
| 250 | |a 1. vyd. | ||
| 260 | |a Brno : |b Computer Press, |c 2006 | ||
| 300 | |a 380 s., príl. : |b lit. ; | ||
| 500 | |a Obsahuje více než 1300 pojmů | ||
| 653 | 1 | |a manažment | |
| 692 | |a DP JM |j MM | ||
| 700 | 1 | |a Lednický, Václav |d 1941-, |9 20126 | |
| 910 | |a BA002 |b A597730 |b A597731 | ||
| 919 | |a 80-251-0521-0 | ||
| 974 | |f Knihy | ||
| 992 | |a ASL | ||
| 999 | |c 130851 |d 130851 | ||

